Las doctrinas sociológicas / (Record no. 148083)

MARC details
000 -LEADER
campo de control de longitud fija 00523nam a2200169 4500
001 - NÚMERO DE CONTROL
campo de control 148083
003 - IDENTIFICADOR DE NÚMERO DE CONTROL
campo de control ES-MaACL
005 - FECHA Y HORA DE LA ÚLTIMA TRANSACCIÓN
campo de control 20230906202424.0
007 - CAMPO FIJO DE DESCRIPCIÓN FÍSICA--INFORMACIÓN GENERAL
campo de control de longitud fija t|
008 - DATOS DE LONGITUD FIJA--INFORMACIÓN GENERAL
campo de control de longitud fija 070214n19001990sp r ||||1| spa d
100 1# - ENTRADA PRINCIPAL--NOMBRE DE PERSONA
Nombre de persona Squillace, Fausto.
9 (RLIN) 107822
245 14 - MENCIÓN DEL TÍTULO
Título Las doctrinas sociológicas /
Mención de responsabilidad, etc. Fausto Squillace ; traducción de Eduardo Ovejero.
260 ## - PUBLICACIÓN, DISTRIBUCIÓN, ETC.
Lugar de publicación, distribución, etc. Madrid :
Nombre del editor, distribuidor, etc. [s. n.],
Fecha de publicación, distribución, etc. [19__] (
Fabricante Imp. de Gabriel L. Horno)
300 ## - DESCRIPCIÓN FÍSICA
Extensión 2 tomos ;
Dimensiones 23 cm.
700 1# - ENTRADA AGREGADA--NOMBRE PERSONAL
Nombre de persona Ovejero, Eduardo.
9 (RLIN) 87995
852 ## - LOCALIZACIÓN
Ubicación ES-MaACL
Número de control de estantería F-14961-62
Holdings
Estatus retirado Estado de pérdida Estado de daño No para préstamo Biblioteca de origen Biblioteca actual Ubicación en estantería Fecha de adquisición Fuente de adquisición Total de préstamos Signatura topográfica completa Código de barras Visto por última vez Precio de reemplazo Tipo de ítem Koha
        Biblioteca del Ateneo de Madrid Biblioteca del Ateneo de Madrid Sala Pecera Planta 2 17/01/2008     F-14961-62 1154540 23/02/2023 23/02/2023 Libro impreso